25 richest actors - Statistics

General Stats
  • This quiz has been taken 139 times
  • The average score is 7 of 30
Answer Stats
Hint Answer % Correct
$240 Million Brad Pitt
76%
$245 Million Leonardo DiCaprio
71%
$550 Million Tom Cruise
61%
$300 Million Robert Downey Jr.
56%
$350 Million Tom Hanks
48%
$420 Million Will Smith
48%
$200 Million Samuel L. Jackson
41%
$200 Million Johnny Depp
39%
$500 Million George Clooney
35%
$420 Million Adam Sandler
34%
$230 Million Harrison Ford
33%
$300 Million Arnold Schwarzenegger
28%
$400 Million Sylvester Stallone
26%
$400 Million Jack Nicholson
21%
$425 Million Mel Gibson
14%
$200 Million Vin Diesel
14%
$395 Million Jackie Chan
12%
$375 Million Clint Eastwood
11%
$750 Million Shahrukh Khan
10%
$350 Million Mark Wahlberg
8%
$300 Million Michael Douglas
7%
$230 Million Salman Khan
7%
$425 Million Amitabh Bachchan
4%
$200 Million Gerard Depardieu
1%
$200 Million Karan Johar
1%
$1 Billion Merv Griffin
1%
$215 Million Michael Shanks
1%
$275 Million Patrick Wilson
1%
$215 Million Peter Stormare
1%
$245 Million Scott Speedman
1%
No matching quizzes found
Score Distribution
Percent of People with Each Score
Percentile by Number Answered
Your Score History
You have not taken this quiz